| 000 | 00389nam a2200133Ia 4500 | ||
|---|---|---|---|
| 008 | 231017s9999 xx 000 0 und d | ||
| 082 | _a625.85 | ||
| 082 | _bMAU | ||
| 245 | 0 | _aEvaluation of Using Higher Percentages of Recycled Asphalt Pavement in Asphalt Mixes in Virginia: Final Report VTRC 08-R22 | |
| 245 | 0 | _cG.W. Maupin | |
| 260 | _bG.W. Maupin | ||
| 300 | _c30cm | ||
| 942 | _cREP | ||
| 999 |
_c604781 _d604781 |
||